Ensayos sobre el subdesarrollo / (Record no. 43030)

MARC details
000 -LEADER
campo de control de longitud fija 00489nam a2200157 i 4500
001 - NÚMERO DE CONTROL
campo de control 43030
003 - IDENTIFICADOR DE NÚMERO DE CONTROL
campo de control ES-MaACL
007 - CAMPO FIJO DE DESCRIPCIÓN FÍSICA--INFORMACIÓN GENERAL
campo de control de longitud fija t|
008 - DATOS DE LONGITUD FIJA--INFORMACIÓN GENERAL
campo de control de longitud fija 030314s1972 ag ||||1| spa d
100 1# - ENTRADA PRINCIPAL--NOMBRE DE PERSONA
Nombre de persona Castro, Josué de.
9 (RLIN) 36869
245 10 - MENCIÓN DEL TÍTULO
Título Ensayos sobre el subdesarrollo /
Mención de responsabilidad, etc. Josué de Castro ; [traducción de Juan José Sebreli].
260 ## - PUBLICACIÓN, DISTRIBUCIÓN, ETC.
Lugar de publicación, distribución, etc. Buenos Aires :
Nombre del editor, distribuidor, etc. Siglo Veinte,
Fecha de publicación, distribución, etc. [1972]
300 ## - DESCRIPCIÓN FÍSICA
Extensión 179 p. ;
Dimensiones 20 cm.
700 1# - ENTRADA AGREGADA--NOMBRE PERSONAL
Nombre de persona Sebreli, Juan José.
9 (RLIN) 105029
852 ## - LOCALIZACIÓN
Ubicación ES-MaACL
Número de control de estantería E-8625
Sublocalización o colección R.93070
Holdings
Estatus retirado Estado de pérdida Estado de daño No para préstamo Biblioteca de origen Biblioteca actual Ubicación en estantería Fecha de adquisición Fuente de adquisición Total de préstamos Signatura topográfica completa Código de barras Visto por última vez Precio de reemplazo Tipo de ítem Koha
        Biblioteca del Ateneo de Madrid Biblioteca del Ateneo de Madrid Depósito 2 17/01/2008     E-8625 1045291 23/02/2023 23/02/2023 Libro impreso